[Event "BL 1920 Hamburger SK - SG Solingen"]
[Site "?"]
[Date "2020.02.23"]
[Round "8.8"]
[White "Meissner, Felix"]
[Black "Handke, Florian"]
[Result "0-1"]
[WhiteElo "2358"]
[BlackElo "2530"]
[PlyCount "102"]
[EventDate "2020.??.??"]

1. d4 Nf6 2. c4 e6 3. Nf3 c5 4. d5 d6 5. Nc3 exd5 6. cxd5 g6 7. h3 Bg7 8. Bf4
O-O 9. e3 Na6 10. Bc4 Nc7 11. a4 a6 12. a5 Nb5 13. Ne2 Ne4 14. Qc2 Re8 15. Bd3
Nf6 16. Qb3 Bd7 17. O-O Rb8 18. Nd2 b6 19. axb6 Qxb6 20. Qa2 Bc8 21. Nc4 Qd8
22. Na5 Rb6 23. Nc4 Rb8 24. Na5 Rb6 25. Nc4 Rb7 26. Na5 Rd7 27. Nc6 Qb6 28. Nc3
Nxd5 29. Qxd5 Bb7 30. Bxb5 axb5 31. Bxd6 c4 32. Bc5 Qxc6 33. Qxc6 Bxc6 34. Ra6
Rc8 35. Rb6 Bxc3 36. bxc3 Bxg2 37. Kxg2 Rxc5 38. Rb1 Rg5+ 39. Kf3 Rdd5 40. h4
Rdf5+ 41. Ke2 Rg2 42. Rf1 Rh2 43. e4 Re5 44. Ke3 Rxh4 45. f3 Rhh5 46. Rd1 Re7
47. Rd8+ Kg7 48. Kd4 Rh2 49. Rd5 Rd2+ 50. Kc5 Rf2 51. Rxb5 Rxf3 0-1

[Event "BL 1920 BCA Augsburg - SG Speyer-Schweg"]
[Site "?"]
[Date "2020.02.23"]
[Round "8.1"]
[White "Oleksiyenko, Mykhaylo"]
[Black "Nestorovic, Nikola"]
[Result "1-0"]
[WhiteElo "2594"]
[BlackElo "2469"]
[PlyCount "117"]
[EventDate "2020.??.??"]

1. d4 Nf6 2. c4 c5 3. d5 b5 4. cxb5 a6 5. bxa6 g6 6. Nc3 Bg7 7. e4 O-O 8. Nf3
Qa5 9. Bd2 Bxa6 10. Bxa6 Qxa6 11. Qe2 e6 12. Qxa6 Nxa6 13. dxe6 fxe6 14. O-O d5
15. Ng5 Rfe8 16. e5 Nd7 17. f4 h6 18. Nf3 Reb8 19. b3 Nb4 20. a4 Nc2 21. Ra2
Nb4 22. Rb2 g5 23. g3 gxf4 24. gxf4 Nd3 25. Rbb1 Rb7 26. Ne1 Nxe1 27. Rfxe1 Nb6
28. Nb5 Bf8 29. Rec1 Rab8 30. Kf2 c4 31. a5 Nd7 32. bxc4 dxc4 33. Nc3 Nc5 34.
Rxb7 Rxb7 35. Rc2 Nd3+ 36. Ke2 Bb4 37. Ne4 Bxd2 38. Kxd2 Rb4 39. Ra2 Nxf4 40.
a6 Rb8 41. Nf6+ Kf7 42. a7 Ra8 43. Kc3 Nd5+ 44. Nxd5 exd5 45. Kd4 h5 46. Ra6 h4
47. h3 Kg7 48. Ra1 Kg6 49. Kxd5 c3 50. Kc6 Kf5 51. Kb7 Rxa7+ 52. Kxa7 Kxe5 53.
Kb6 Ke4 54. Kc5 c2 55. Kc4 Kf3 56. Kd3 Kg2 57. Ke2 Kxh3 58. Kf2 Kh2 59. Rc1 1-0

[Event "BL 1920 BCA Augsburg - SG Speyer-Schweg"]
[Site "?"]
[Date "2020.02.23"]
[Round "8.2"]
[White "Prusikin, Michael"]
[Black "Abasov, Nijat"]
[Result "1/2-1/2"]
[WhiteElo "2534"]
[BlackElo "2670"]
[PlyCount "72"]
[EventDate "2020.??.??"]

1. d4 Nf6 2. c4 e6 3. Nf3 a6 4. Nc3 d5 5. cxd5 exd5 6. Bg5 Be6 7. e3 Nbd7 8.
Bd3 c6 9. O-O Bd6 10. Bf4 Qc7 11. Bxd6 Qxd6 12. Qc2 Bg4 13. Nd2 O-O 14. Rfe1 c5
15. h3 Bh5 16. dxc5 Nxc5 17. Nb3 Rac8 18. Nxc5 Qxc5 19. Qa4 Qb6 20. Rab1 Rfd8
21. Qd4 Qxd4 22. exd4 Bg6 23. Bxg6 hxg6 24. Rbc1 Kf8 25. Na4 Nd7 26. Kf1 Rc4
27. Nc5 Nxc5 28. dxc5 Rc8 29. Rxc4 dxc4 30. Re5 f6 31. Rd5 Ke7 32. b4 cxb3 33.
axb3 Rc6 34. b4 b6 35. cxb6 Rxb6 36. Rd4 g5 1/2-1/2

[Event "BL 1920 BCA Augsburg - SG Speyer-Schweg"]
[Site "?"]
[Date "2020.02.23"]
[Round "8.3"]
[White "Neiksans, Arturs"]
[Black "Stankovic, Milos"]
[Result "1-0"]
[WhiteElo "2560"]
[BlackElo "2458"]
[PlyCount "75"]
[EventDate "2020.??.??"]

1. Nf3 Nf6 2. b3 g6 3. Bb2 Bg7 4. g3 d6 5. d4 a5 6. Nc3 d5 7. Bg2 O-O 8. O-O
Nc6 9. Ne5 Be6 10. Nxc6 bxc6 11. Na4 Qc8 12. Ba3 Re8 13. c4 Bh3 14. Rc1 e5 15.
cxd5 exd4 16. Qxd4 Nxd5 17. Qc4 Bxg2 18. Kxg2 Re5 19. Bb2 Rh5 20. h4 Rb8 21. a3
Bxb2 22. Nxb2 Qe6 23. Na4 Rb5 24. e3 Rxb3 25. Nc5 Nxe3+ 26. fxe3 Rb2+ 27. Rf2
Rxf2+ 28. Kxf2 Qh3 29. e4 g5 30. Qf1 Qc8 31. Qd1 Rh6 32. Qd7 Qb8 33. Qd2 Rd6
34. Qxg5+ Kh8 35. Qe5+ f6 36. Qc3 Qc8 37. Kg2 Qg4 38. Rf1 1-0

[Event "BL 1920 BCA Augsburg - SG Speyer-Schweg"]
[Site "?"]
[Date "2020.02.23"]
[Round "8.4"]
[White "Arnaudov, G. Petar"]
[Black "Meshkovs, Nikita"]
[Result "1/2-1/2"]
[WhiteElo "2473"]
[BlackElo "2566"]
[PlyCount "93"]
[EventDate "2020.??.??"]

1. c4 e6 2. g3 d5 3. Nf3 a6 4. Bg2 dxc4 5. O-O Nd7 6. Qc2 Ngf6 7. a4 Rb8 8. Na3
Bxa3 9. bxa3 O-O 10. Qxc4 Nb6 11. Qc2 Bd7 12. a5 Ba4 13. Qc3 Nbd5 14. Qd4 Bb5
15. d3 c5 16. Qxc5 Rc8 17. Qd4 Nc3 18. Re1 Qxa5 19. Bd2 Rfd8 20. Qe5 Qc7 21.
Qxc7 Rxc7 22. Rac1 Rdc8 23. Nd4 e5 24. Bxc3 Rxc3 25. Rxc3 Rxc3 26. Nxb5 axb5
27. Rb1 Rc5 28. Bxb7 Ne8 29. f4 Nd6 30. Bf3 f6 31. Kf2 Kf8 32. Rb3 Nf5 33. fxe5
fxe5 34. Be4 Nd4 35. Rb2 h6 36. Ke3 Rc2 37. Rxc2 Nxc2+ 38. Kd2 Nxa3 39. Kc3 Ke7
40. Kb3 b4 41. Kxb4 Nc2+ 42. Kc3 Ne3 43. h4 g5 44. hxg5 hxg5 45. d4 g4 46. dxe5
Nf1 47. Bf5 1/2-1/2

[Event "BL 1920 BCA Augsburg - SG Speyer-Schweg"]
[Site "?"]
[Date "2020.02.23"]
[Round "8.5"]
[White "Pavlidis, Antonios"]
[Black "Schmittdiel, Eckhard"]
[Result "1/2-1/2"]
[WhiteElo "2544"]
[BlackElo "2399"]
[PlyCount "108"]
[EventDate "2020.??.??"]

1. e4 e6 2. d4 d5 3. Nc3 Nf6 4. e5 Nfd7 5. f4 c5 6. Nf3 Nc6 7. Be3 a6 8. Ne2
Qb6 9. Rb1 f6 10. Qd2 g5 11. fxg5 fxe5 12. dxe5 Ndxe5 13. Nxe5 Nxe5 14. Nf4 Be7
15. Nh5 O-O 16. Nf6+ Bxf6 17. gxf6 Rxf6 18. b4 Bd7 19. Bxc5 Qc7 20. Rb3 Bb5 21.
Bxb5 axb5 22. Bd4 Rg6 23. O-O Nc4 24. Qf2 e5 25. Rf3 Qg7 26. Bc5 Qh6 27. Kh1 b6
28. Rf8+ Rxf8 29. Bxf8 Qf4 30. Qxf4 exf4 31. Be7 Ne3 32. Rxf4 Rxg2 33. c3 Rc2
34. h3 Rxc3 35. Bg5 Nc4 36. h4 Rc1+ 37. Kh2 Rc2+ 38. Kh3 Kg7 39. Rd4 Rc3+ 40.
Kg4 Rd3 41. Rxd3 Ne5+ 42. Kf5 Nxd3 43. a3 Kf7 44. Bd8 Nb2 45. Ke5 Nc4+ 46. Kxd5
Nxa3 47. Bxb6 Kg6 48. Kc5 Kh5 49. Bd8 Kg4 50. Bg5 h5 51. Bd8 Kh3 52. Bg5 Kg4
53. Bd8 Kf5 54. Bg5 Kg4 1/2-1/2

[Event "BL 1920 BCA Augsburg - SG Speyer-Schweg"]
[Site "?"]
[Date "2020.02.23"]
[Round "8.6"]
[White "Pitl, Gregory"]
[Black "Shytaj, Luca"]
[Result "1/2-1/2"]
[WhiteElo "2376"]
[BlackElo "2480"]
[PlyCount "71"]
[EventDate "2020.??.??"]

1. d4 Nf6 2. Bg5 e6 3. e4 h6 4. Bxf6 Qxf6 5. c3 e5 6. Bc4 Qg6 7. Ne2 Qxe4 8.
O-O d6 9. Nd2 Qg6 10. f4 exd4 11. Nxd4 Be7 12. Qe2 Kd8 13. Rae1 Re8 14. f5 Qf6
15. Ne4 Qe5 16. Bxf7 Rf8 17. Ne6+ Bxe6 18. Bxe6 Nd7 19. Qd2 Nf6 20. Nf2 Qc5 21.
Kh1 d5 22. Nd3 Qd6 23. Ne5 c6 24. Nf7+ Rxf7 25. Bxf7 Ne4 26. Rxe4 dxe4 27.
Qxd6+ Bxd6 28. Re1 Kc7 29. Rxe4 Rd8 30. g3 Bc5 31. Re2 a5 32. Bb3 b5 33. a4 b4
34. cxb4 Bxb4 35. Kg2 Rd2 36. Rxd2 1/2-1/2

[Event "BL 1920 BCA Augsburg - SG Speyer-Schweg"]
[Site "?"]
[Date "2020.02.23"]
[Round "8.7"]
[White "Boguslawski, Oleg"]
[Black "Zeller, Frank"]
[Result "1/2-1/2"]
[WhiteElo "2390"]
[BlackElo "2355"]
[PlyCount "88"]
[EventDate "2020.??.??"]

1. e4 c5 2. Nf3 d6 3. d4 cxd4 4. Nxd4 Nf6 5. Nc3 a6 6. Bc4 e6 7. Bb3 Nc6 8. O-O
Na5 9. f4 b5 10. e5 dxe5 11. fxe5 Bc5 12. Be3 Nxb3 13. axb3 Nd5 14. Qf3 O-O 15.
Nxd5 Qxd5 16. Qxd5 exd5 17. b4 Bb6 18. Ra3 Re8 19. Nc6 d4 20. Bxd4 Bxd4+ 21.
Nxd4 Rxe5 22. Raf3 f6 23. c3 h5 24. Kf2 Bb7 25. Rf5 Rf8 26. h4 Bc8 27. Rf3 Rfe8
28. Rd3 Kf7 29. Rd2 g5 30. Nf3 Rf5 31. Kg1 Kg7 32. Rd6 Re7 33. Rb6 Bb7 34. Nd4
Rxf1+ 35. Kxf1 Bc8 36. Rc6 Re8 37. g3 gxh4 38. gxh4 Kg6 39. Kf2 Bb7 40. Rb6 Re7
41. b3 Bc8 42. Rc6 Bb7 43. Rb6 Bc8 44. Rc6 Bb7 1/2-1/2

[Event "BL 1920 BCA Augsburg - SG Speyer-Schweg"]
[Site "?"]
[Date "2020.02.23"]
[Round "8.8"]
[White "Rupprecht, Andreas"]
[Black "Bodrozic, Tomislav"]
[Result "1-0"]
[WhiteElo "2386"]
[BlackElo "2364"]
[PlyCount "67"]
[EventDate "2020.??.??"]

1. e4 e6 2. d4 d5 3. exd5 exd5 4. Nf3 Nf6 5. Bd3 c5 6. O-O Be7 7. dxc5 O-O 8.
Nc3 Nc6 9. Bg5 Be6 10. Qd2 Re8 11. Nb5 Ne4 12. Bxe7 Qxe7 13. Qf4 g5 14. Qe3
Nxc5 15. Nxg5 Nxd3 16. Nxe6 fxe6 17. Qxd3 Qg7 18. c3 Rad8 19. Rfe1 e5 20. Re3
e4 21. Qd2 Kh8 22. Rg3 Qf6 23. Qe3 a6 24. Nd4 Ne5 25. Rf1 Nc4 26. Qe2 Re7 27.
b3 Ne5 28. f3 exf3 29. Nxf3 Ng4 30. Qd2 Ne3 31. Re1 Nf5 32. Rxe7 Qxe7 33. Qg5
Re8 34. Qxf5 1-0

[Event "BL 1920 FC Bayern München - SV Hockenh"]
[Site "?"]
[Date "2020.02.23"]
[Round "8.1"]
[White "Fedoseev, Vladimir"]
[Black "Dragnev, Valentin"]
[Result "1-0"]
[WhiteElo "2671"]
[BlackElo "2549"]
[PlyCount "67"]
[EventDate "2020.??.??"]

1. d4 Nf6 2. Bf4 d5 3. e3 e6 4. Nd2 Bd6 5. Bg3 O-O 6. Ngf3 c5 7. c3 Qc7 8. Ne5
Nfd7 9. f4 f6 10. Bd3 Nc6 11. Qh5 f5 12. Bh4 Nf6 13. Bxf6 gxf6 14. Nxc6 bxc6
15. g4 Rb8 16. b3 fxg4 17. h3 g3 18. Rg1 cxd4 19. Rxg3+ Kh8 20. Nf3 dxe3 21.
Nh4 Rg8 22. Ng6+ Rxg6 23. Rxg6 Ba6 24. Bxa6 Qa5 25. Rd1 Qxa6 26. Rh6 Qb7 27.
Rxf6 Qg7 28. Qg5 Qd7 29. f5 Rg8 30. Qxe3 e5 31. Re6 Rf8 32. Qh6 Bc5 33. b4 Be7
34. f6 1-0

[Event "BL 1920 FC Bayern München - SV Hockenh"]
[Site "?"]
[Date "2020.02.23"]
[Round "8.2"]
[White "Georgiadis, Nico"]
[Black "Howell, David W L"]
[Result "1/2-1/2"]
[WhiteElo "2546"]
[BlackElo "2665"]
[PlyCount "81"]
[EventDate "2020.??.??"]

1. e4 c6 2. Nf3 d5 3. Nc3 dxe4 4. Nxe4 Nf6 5. Qe2 Nxe4 6. Qxe4 Nd7 7. Bc4 Nf6
8. Ne5 e6 9. Qe2 b5 10. Bb3 Qc7 11. O-O Bd6 12. d4 O-O 13. c3 a5 14. Re1 a4 15.
Bc2 c5 16. Qd3 Rd8 17. Ng4 Nxg4 18. Qxh7+ Kf8 19. Qh8+ Ke7 20. Qxg7 Bxh2+ 21.
Kf1 Ba6 22. Bg5+ Kd6 23. Bxd8 b4+ 24. Re2 Bxe2+ 25. Kxe2 Rxd8 26. Qxg4 bxc3 27.
bxc3 cxd4 28. Qxd4+ Ke7 29. Qh4+ Kf8 30. Qh8+ Ke7 31. Qh4+ Kf8 32. Rd1 Rxd1 33.
Bxd1 Be5 34. Qb4+ Bd6 35. Qxa4 Qxc3 36. Qb3 Qe5+ 37. Qe3 Qh5+ 38. Qf3 Qb5+ 39.
Qd3 Qb2+ 40. Bc2 Qe5+ 41. Kf1 1/2-1/2

[Event "BL 1920 FC Bayern München - SV Hockenh"]
[Site "?"]
[Date "2020.02.23"]
[Round "8.3"]
[White "Inarkiev, Ernesto"]
[Black "Studer, Noel"]
[Result "1/2-1/2"]
[WhiteElo "2658"]
[BlackElo "2546"]
[PlyCount "70"]
[EventDate "2020.??.??"]

1. e4 c5 2. Nf3 Nc6 3. Bb5 g6 4. Bxc6 dxc6 5. d3 Bg7 6. h3 Nf6 7. Nc3 Nd7 8.
Be3 e5 9. Qd2 h6 10. O-O b6 11. Nh2 Nf8 12. f4 exf4 13. Bxf4 Ne6 14. Bg3 Qg5
15. Qe1 Nd4 16. Nf3 Nxc2 17. Qf2 Nxa1 18. Nxg5 Bd4 19. Qxd4 cxd4 20. Nxf7 Rf8
21. Nb5 cxb5 22. Nd6+ Ke7 23. Rxa1 Ba6 24. b4 Rad8 25. e5 Ke6 26. Rc1 Rd7 27.
Rc6 Kd5 28. Rc2 Re7 29. Re2 Bc8 30. Rc2 Bb7 31. Nxb5 Rc8 32. Rf2 Rc1+ 33. Kh2
Ba6 34. Rf6 Rc6 35. Rd6+ Rxd6 1/2-1/2

[Event "BL 1920 FC Bayern München - SV Hockenh"]
[Site "?"]
[Date "2020.02.23"]
[Round "8.4"]
[White "Bischoff, Klaus"]
[Black "Saric, Ivan"]
[Result "0-1"]
[WhiteElo "2510"]
[BlackElo "2646"]
[PlyCount "50"]
[EventDate "2020.??.??"]

1. c4 e5 2. Nc3 Bb4 3. Qc2 Nf6 4. e3 O-O 5. Nge2 Re8 6. a3 Bf8 7. g3 c6 8. Bg2
d5 9. cxd5 cxd5 10. d4 e4 11. Bd2 Nc6 12. O-O Bf5 13. f3 exf3 14. Qxf5 fxg2 15.
Rf3 Na5 16. Re1 Nc4 17. Bc1 Nd6 18. Qh3 Nde4 19. Qxg2 Rc8 20. Ref1 Rc7 21. Rf5
g6 22. Re5 Bd6 23. Rxe8+ Qxe8 24. g4 h6 25. h3 Rc6 0-1

[Event "BL 1920 FC Bayern München - SV Hockenh"]
[Site "?"]
[Date "2020.02.23"]
[Round "8.5"]
[White "Braun, Arik"]
[Black "Johansson, Linus"]
[Result "1/2-1/2"]
[WhiteElo "2609"]
[BlackElo "2476"]
[PlyCount "85"]
[EventDate "2020.??.??"]

1. c4 e5 2. g3 Nc6 3. Bg2 Nf6 4. Nc3 Bb4 5. Nd5 Bc5 6. e3 d6 7. Ne2 Nxd5 8.
cxd5 Ne7 9. d4 Bb6 10. b3 c6 11. dxc6 Nxc6 12. O-O exd4 13. Nxd4 Nxd4 14. exd4
O-O 15. Ba3 Qf6 16. Rc1 Rd8 17. Re1 Bxd4 18. Qd2 Rb8 19. Rc4 Bb6 20. Bb2 Qg6
21. Rf4 Bf5 22. Bd5 Re8 23. Bxb7 Rxe1+ 24. Qxe1 Qe6 25. Qc3 f6 26. Qf3 Qe1+ 27.
Kg2 Qe7 28. Bc6 Be6 29. h4 Rd8 30. Ba3 Qf7 31. h5 h6 32. Be4 d5 33. Bg6 Qd7 34.
Kh2 d4 35. Bd3 Bd5 36. Qd1 Bc6 37. Bb2 Bb5 38. Bf5 Qd6 39. a4 Bd7 40. Bc2 Qd5
41. b4 Be6 42. a5 d3 43. axb6 1/2-1/2

[Event "BL 1920 FC Bayern München - SV Hockenh"]
[Site "?"]
[Date "2020.02.23"]
[Round "8.6"]
[White "Fedorovsky, Michael"]
[Black "Buhmann, Rainer"]
[Result "0-1"]
[WhiteElo "2415"]
[BlackElo "2579"]
[PlyCount "80"]
[EventDate "2020.??.??"]

1. d4 d5 2. Nf3 Nf6 3. g3 e6 4. Bg2 Be7 5. O-O O-O 6. c4 c6 7. Qc2 b6 8. Nbd2
Bb7 9. e4 Na6 10. a3 c5 11. exd5 exd5 12. dxc5 Nxc5 13. b4 Ne6 14. Bb2 a5 15.
b5 Rc8 16. Ne5 Bc5 17. Nb3 Bd6 18. Qf5 Bxe5 19. Bxe5 Rxc4 20. Rfd1 Ne4 21. Nd2
g6 22. Qh3 Nxd2 23. Rxd2 Qg5 24. f4 Qe7 25. Re1 Rfc8 26. Rdd1 Rc2 27. Qh4 Rxg2+
28. Kxg2 Rc2+ 29. Kg1 Qc5+ 30. Rd4 g5 31. fxg5 Qc3 32. Qxh7+ Kxh7 33. Rh4+ Kg6
34. Bxc3 Rxc3 35. Rh6+ Kxg5 36. Rh7 Kg6 37. Rxe6+ Kxh7 38. Rxb6 Bc8 39. Rd6 Be6
40. a4 Rc4 0-1

[Event "BL 1920 FC Bayern München - SV Hockenh"]
[Site "?"]
[Date "2020.02.23"]
[Round "8.7"]
[White "Baramidze, David"]
[Black "Lindgren, Philip"]
[Result "1-0"]
[WhiteElo "2597"]
[BlackElo "2362"]
[PlyCount "99"]
[EventDate "2020.??.??"]

1. e4 e5 2. Nf3 Nc6 3. Bc4 Bc5 4. O-O Nf6 5. d3 d6 6. c3 a6 7. a4 Ba7 8. Re1
O-O 9. h3 h6 10. Nbd2 Ne7 11. Nf1 Ng6 12. Ng3 c6 13. Bb3 Re8 14. d4 Be6 15. Bc2
Qc7 16. Be3 Kh7 17. a5 Rad8 18. Qe2 Qb8 19. Rad1 Bc8 20. Qd2 Qc7 21. b4 b6 22.
axb6 Bxb6 23. dxe5 dxe5 24. Bxb6 Qxb6 25. Qe3 Qxe3 26. fxe3 Be6 27. Bd3 c5 28.
Bxa6 cxb4 29. cxb4 Rb8 30. Rb1 Rb6 31. Bf1 Reb8 32. b5 Bd7 33. Rb4 Ne8 34. Nf5
Nc7 35. h4 f6 36. Reb1 Nxb5 37. Nd2 R6b7 38. Bc4 Nf8 39. Bd5 Rc7 40. Nd6 Rc5
41. Rc4 Rxc4 42. N2xc4 Ng6 43. Na3 Nxd6 44. Rxb8 Nxh4 45. Rd8 Nb5 46. Bg8+ Kg6
47. Rxd7 Nxa3 48. Kf2 Kh5 49. Rxg7 Nc2 50. g4# 1-0

[Event "BL 1920 FC Bayern München - SV Hockenh"]
[Site "?"]
[Date "2020.02.23"]
[Round "8.8"]
[White "Rafiee, Makan"]
[Black "Banusz, Tamas"]
[Result "0-1"]
[WhiteElo "2326"]
[BlackElo "2624"]
[PlyCount "88"]
[EventDate "2020.??.??"]

1. e4 e5 2. Nf3 Nc6 3. Bb5 g6 4. d4 exd4 5. c3 Bg7 6. cxd4 a6 7. Ba4 b5 8. Bc2
d6 9. Bg5 Nge7 10. Nc3 h6 11. Be3 d5 12. e5 Bf5 13. h4 Qd7 14. a3 Nd8 15. a4
Rb8 16. b4 Bg4 17. Qd2 Nf5 18. Ng1 Nxe3 19. Qxe3 Nc6 20. Rb1 Bf8 21. f3 Nxb4
22. Rxb4 Bxb4 23. fxg4 c5 24. Nge2 Rc8 25. e6 Qxe6 26. Qxe6+ fxe6 27. Bxg6+ Ke7
28. O-O cxd4 29. Na2 Bd2 30. Kh2 Rhg8 31. Rf7+ Kd6 32. h5 e5 33. Rf6+ Kc5 34.
Nac1 Bxc1 35. Nxc1 e4 36. Nb3+ Kc4 37. Na5+ Kc3 38. Nc6 Rc7 39. axb5 axb5 40.
Rd6 d3 41. Ne5 Kd4 42. Nd7 Rxd7 43. Rxd7 d2 44. Bf7 Rg5 0-1

[Event "BL 1920 OSG Baden-Baden - SV Werder Bre"]
[Site "?"]
[Date "2020.02.23"]
[Round "8.2"]
[White "Wojtaszek, Radoslaw"]
[Black "McShane, Luke J"]
[Result "1/2-1/2"]
[WhiteElo "2720"]
[BlackElo "2680"]
[PlyCount "77"]
[EventDate "2020.??.??"]

1. d4 Nf6 2. c4 c5 3. d5 e5 4. Nc3 d6 5. e4 h5 6. h4 g6 7. g3 Bh6 8. Bxh6 Rxh6
9. Qd2 Rh8 10. Bh3 Kf8 11. Bxc8 Qxc8 12. Nh3 Kg7 13. Ng5 Nh7 14. O-O-O Nd7 15.
f4 Ndf6 16. Rdf1 Ng4 17. Nd1 exf4 18. gxf4 Re8 19. Nc3 a6 20. a4 Qd7 21. Re1
Re7 22. Nf3 Rae8 23. Re2 f5 24. Rhe1 fxe4 25. Nxe4 Kg8 26. Qc3 Qd8 27. Qd3 Kg7
28. f5 gxf5 29. Ng3 Rxe2 30. Rxe2 Rxe2 31. Qxe2 Qd7 32. Nxh5+ Kh6 33. Nf4 Qxa4
34. Qe6+ Nhf6 35. Qxd6 Qxc4+ 36. Kd2 Qb4+ 37. Kc1 Qc4+ 38. Kd2 Qb4+ 39. Kc1
1/2-1/2

[Event "BL 1920 OSG Baden-Baden - SV Werder Bre"]
[Site "?"]
[Date "2020.02.23"]
[Round "8.3"]
[White "Nabaty, Tamir"]
[Black "Rapport, Richard"]
[Result "0-1"]
[WhiteElo "2650"]
[BlackElo "2758"]
[PlyCount "74"]
[EventDate "2020.??.??"]

1. d4 Nf6 2. Nf3 d5 3. Bf4 Bf5 4. e3 e6 5. Bd3 Bd6 6. Bxf5 exf5 7. Bxd6 Qxd6 8.
Qd3 f4 9. Nc3 O-O 10. O-O fxe3 11. fxe3 Re8 12. Ng5 Nbd7 13. e4 dxe4 14. Ncxe4
Nxe4 15. Nxe4 Qg6 16. Rf4 Re7 17. Raf1 Rae8 18. Qb3 Qb6 19. Qd5 c6 20. Qd6 Nf8
21. Ng3 Rd7 22. Qc5 Ne6 23. Qf5 g6 24. Rg4 Ree7 25. c3 Ng7 26. Qf2 f5 27. Ne4
Rf7 28. Ng5 Rfe7 29. Rh4 Ne6 30. Nf3 c5 31. Ne5 Rd8 32. Rh6 cxd4 33. Kh1 dxc3
34. Qh4 Qb5 35. Re1 Qxe5 36. Rxe5 Rd1+ 37. Re1 c2 0-1

[Event "BL 1920 OSG Baden-Baden - SV Werder Bre"]
[Site "?"]
[Date "2020.02.23"]
[Round "8.4"]
[White "Vallejo Pons, Francisco"]
[Black "Edouard, Romain"]
[Result "1-0"]
[WhiteElo "2704"]
[BlackElo "2645"]
[PlyCount "55"]
[EventDate "2020.??.??"]

1. Nf3 c5 2. b3 Nc6 3. Bb2 d6 4. d4 cxd4 5. Nxd4 e5 6. Nxc6 bxc6 7. g3 Be6 8.
Bg2 Rc8 9. c4 f5 10. O-O Nf6 11. c5 e4 12. cxd6 Bxd6 13. Bxf6 gxf6 14. Nc3 c5
15. Rc1 O-O 16. Bh3 Qd7 17. Nd5 f4 18. Nxf4 Bxh3 19. Nxh3 Qe6 20. Kg2 e3 21.
fxe3 Rfd8 22. Qc2 c4 23. bxc4 Ba3 24. Rcd1 Re8 25. Nf4 Qxc4 26. Qxc4+ Rxc4 27.
Nd5 Bb2 28. Rd2 1-0

[Event "BL 1920 OSG Baden-Baden - SV Werder Bre"]
[Site "?"]
[Date "2020.02.23"]
[Round "8.5"]
[White "Van Foreest, Lucas"]
[Black "Naiditsch, Arkadij"]
[Result "1/2-1/2"]
[WhiteElo "2545"]
[BlackElo "2622"]
[PlyCount "82"]
[EventDate "2020.??.??"]

1. e4 e5 2. Nf3 Nc6 3. Nc3 Nf6 4. a4 Bb4 5. Bd3 O-O 6. O-O d6 7. Nd5 a5 8. c3
Bc5 9. Bc2 Ba7 10. d4 h6 11. Qd3 Re8 12. Nxf6+ Qxf6 13. Be3 exd4 14. Bxd4 Ne5
15. Nxe5 dxe5 16. Bxa7 Rxa7 17. Rfd1 Ra6 18. Bb3 Bg4 19. Rd2 Rd6 20. Qe3 Rxd2
21. Qxd2 Rd8 22. Qe3 Rd6 23. h3 Bd7 24. Rd1 Rxd1+ 25. Bxd1 Qd6 26. Bb3 Kf8 27.
Qf3 Be8 28. Qe3 b6 29. Qe2 g6 30. h4 h5 31. Qe3 Bc6 32. Qe2 Qf6 33. Qc4 Kg7 34.
Ba2 Qe6 35. Qxe6 fxe6 36. Bb3 Bxe4 37. Bxe6 Kf6 38. Bb3 g5 39. hxg5+ Kxg5 40.
g3 Kg4 41. Kf1 h4 1/2-1/2

[Event "BL 1920 OSG Baden-Baden - SV Werder Bre"]
[Site "?"]
[Date "2020.02.23"]
[Round "8.6"]
[White "Bacrot, Etienne"]
[Black "Spoelman, Wouter"]
[Result "1/2-1/2"]
[WhiteElo "2679"]
[BlackElo "2578"]
[PlyCount "88"]
[EventDate "2020.??.??"]

1. e4 c5 2. Nf3 d6 3. d4 cxd4 4. Nxd4 Nf6 5. Nc3 a6 6. g3 e5 7. Nde2 Be7 8. Bg2
O-O 9. a4 Nc6 10. O-O Nb4 11. b3 Be6 12. Ba3 a5 13. Qd2 Rc8 14. Rac1 h6 15. h3
Qb6 16. Nb5 d5 17. Bxb4 Bxb4 18. c3 Bc5 19. exd5 Rcd8 20. c4 Bf5 21. Nec3 Rfe8
22. Rce1 e4 23. Kh2 Bg6 24. Qf4 Nh5 25. Qc7 Qxc7 26. Nxc7 Re7 27. d6 Bxd6 28.
N7d5 Re6 29. Bxe4 f5 30. Bf3 Rde8 31. Rxe6 Rxe6 32. c5 Bxc5 33. Bxh5 Bxh5 34.
Nf4 Bf7 35. Nxe6 Bxe6 36. Kg1 b6 37. Rb1 Kf7 38. h4 g5 39. hxg5 hxg5 40. Kf1
Kf6 41. Ke2 Ke5 42. f3 Kf6 43. Nb5 Ke5 44. Nc3 Kf6 1/2-1/2

[Event "BL 1920 OSG Baden-Baden - SV Werder Bre"]
[Site "?"]
[Date "2020.02.23"]
[Round "8.8"]
[White "Gustafsson, Jan"]
[Black "Reuker, Jari"]
[Result "1/2-1/2"]
[WhiteElo "2642"]
[BlackElo "2385"]
[PlyCount "89"]
[EventDate "2020.??.??"]

1. c4 Nf6 2. Nc3 g6 3. g3 Bg7 4. Bg2 O-O 5. d4 d6 6. Nf3 Nc6 7. O-O a6 8. b3
Rb8 9. d5 Na5 10. Bg5 h6 11. Bd2 c5 12. dxc6 bxc6 13. c5 dxc5 14. Qc1 c4 15. b4
Rxb4 16. Bxh6 c5 17. Qg5 Qb6 18. Bxg7 Kxg7 19. e4 Nc6 20. e5 Nh7 21. Qe3 Rd8
22. Qf4 Be6 23. Rac1 Rd3 24. Ng5 Nxg5 25. Qxg5 Nd4 26. Rfe1 Qd8 27. h4 Rxc3 28.
Rxc3 Ne2+ 29. Rxe2 Qd1+ 30. Kh2 Rb1 31. g4 Qxe2 32. Rf3 Bd5 33. Qxe7 Bxf3 34.
Qf6+ Kg8 35. h5 Qd1 36. Bxf3 Qg1+ 37. Kh3 Qf1+ 38. Kg3 gxh5 39. Qg5+ Kf8 40.
Qd8+ Kg7 41. Qf6+ Kg8 42. Qg5+ Kf8 43. Qh6+ Kg8 44. Qg5+ Kf8 45. Qd8+ 1/2-1/2

[Event "BL 1920 SC Viernheim - OSG Baden-Baden"]
[Site "?"]
[Date "2021.10.14"]
[Round "9.1"]
[White "Vachier-Lagrave, Maxime"]
[Black "Mamedyarov, Shakhriyar"]
[Result "1/2-1/2"]
[WhiteElo "2763"]
[BlackElo "2765"]
[PlyCount "44"]
[EventDate "2021.??.??"]

1. e4 e5 2. Nf3 Nc6 3. Bc4 Bc5 4. c3 Nf6 5. d3 O-O 6. O-O d6 7. Nbd2 a6 8. a4
Ba7 9. h3 Be6 10. Re1 Bxc4 11. Nxc4 b5 12. Ne3 d5 13. axb5 axb5 14. Qb3 dxe4
15. dxe4 Bxe3 16. Bxe3 Rxa1 17. Rxa1 Qd3 18. Rd1 Qe2 19. Re1 Qd3 20. Rd1 Qe2
21. Re1 Qd3 22. Rd1 Qe2 1/2-1/2

[Event "BL 1920 SC Viernheim - OSG Baden-Baden"]
[Site "?"]
[Date "2021.10.14"]
[Round "9.2"]
[White "Malakhov, Vladimir"]
[Black "Anand, Viswanathan"]
[Result "1/2-1/2"]
[WhiteElo "2658"]
[BlackElo "2753"]
[PlyCount "84"]
[EventDate "2021.??.??"]

1. Nf3 d5 2. e3 Nf6 3. c4 e6 4. Nc3 b6 5. b3 Bb7 6. Bb2 Nbd7 7. Rc1 a6 8. cxd5
exd5 9. Ne2 c5 10. Ng3 g6 11. d4 h5 12. Bd3 h4 13. Nf1 h3 14. g3 Bg7 15. N1d2
Ne4 16. O-O O-O 17. Rc2 Rc8 18. Re1 Nxd2 19. Nxd2 cxd4 20. exd4 Nf6 21. Nf3 Ne4
22. Ne5 Rxc2 23. Bxc2 Qc7 24. Bd3 b5 25. Bf1 Bxe5 26. dxe5 Ng5 27. Bc1 Ne6 28.
Bxh3 d4 29. Bg2 Bxg2 30. Kxg2 Rd8 31. Qd3 Qa5 32. Bd2 Qxa2 33. Rc1 Qa3 34. h4
Qe7 35. b4 Qd7 36. Qf3 Rc8 37. Rxc8+ Qxc8 38. h5 gxh5 39. Qxh5 Qc2 40. Qg4+ Kh7
41. Qh5+ Kg8 42. Qg4+ Kh7 1/2-1/2

[Event "BL 1920 SC Viernheim - OSG Baden-Baden"]
[Site "?"]
[Date "2021.10.14"]
[Round "9.3"]
[White "Wojtaszek, Radoslaw"]
[Black "Amin, Bassem"]
[Result "1/2-1/2"]
[WhiteElo "2691"]
[BlackElo "2681"]
[PlyCount "66"]
[EventDate "2021.??.??"]

1. d4 Nf6 2. c4 g6 3. Nc3 Bg7 4. e4 d6 5. Nf3 O-O 6. Be2 e5 7. O-O Nc6 8. d5
Ne7 9. b4 a5 10. bxa5 Rxa5 11. a4 Ne8 12. Nd2 Ra8 13. Ba3 b6 14. Nb3 f5 15. a5
bxa5 16. c5 fxe4 17. Nxe4 Nf5 18. Bb2 Nf6 19. Nxf6+ Qxf6 20. cxd6 cxd6 21. Rxa5
Bd7 22. Rxa8 Rxa8 23. Nd2 Qh4 24. Qb3 Nd4 25. Bxd4 Qxd4 26. Qb7 Qa7 27. Qxa7
Rxa7 28. Ne4 Bf8 29. g4 Be7 30. Rb1 Ra4 31. Nc3 Ra3 32. Ne4 Ra4 33. Nc3 Ra3
1/2-1/2